000 01524nam a2200325 a 4500
001 000013501
003 DO-SdBNP
005 20210504082834.0
007 000013501
008 091125s2002 dr 000 0 spa d
020 _a999343115X
040 _aBPMSU
_bspa
_cBPMSU
082 4 _aRD864.44
_bC422S 2002
_222
100 1 _aCéspedes, Diógenes,
_d1941-
245 1 0 _aSalomé Ureña y Hostos /
_cDiógenes Céspedes
_h
260 _aSanto Domingo :
_bBiblioteca Nacional Pedro Henríquez Ureña,
_c2002.
300 _a202 p. ;
_c21 cm.
490 0 _aBiblioteca Nacional Pedro Henríquez Ureña
_aMonográfica
_v1
500 _aIncluye datos biográficos del autor en las solapas.
500 _aIncluye referencias bibliográficas y notas al pie de las páginas.
505 0 _aSalomé Ureña o la metrificación de una ideología : el positivismo -- Postillas al libro poesías completas, de Salomé Ureña de Henríquez -- Salomé Ureña -- Un siglo de cultura literatura y política a través de la saga epistolar de la familia Henríquez Ureña.
590 _6inventariado, 2021/VM
600 1 4 _aUreña de Henríquez, Salomé
_d1850-1897
_xCrítica e interpretación
600 1 4 _aUreña de Henríquez, Salomé
_d1850-1897
_xPesamiento político y social
600 1 4 _aHostos, Eugenio María de
_d1839-1903
_xCrítica e intenterpretación
650 4 _aLiteratura dominicana
_ySiglo XIX
_xHistoria y crítica
910 _aVMateo Validado. Control de calidad MFF
942 _2ddc
_cBK
945 _a
999 _c7753
_d7753